| 000 | 01008nam a2200289 u 4500 | ||
|---|---|---|---|
| 001 | 67066 | ||
| 005 | 20210113122129.0 | ||
| 008 | 170330s2015 sp d gr 000 0 spa d | ||
| 020 | _a9788490772010 | ||
| 040 | _erda | ||
| 041 | _aspa | ||
| 082 | 0 | 4 |
_a371.904 _bDEF |
| 100 | 1 |
_aDefour Citoler, Sylvia, _eAutora |
|
| 245 | 1 | 0 |
_aDificultades específicas de aprendizaje / _cSilvia Defior Citoler, Francisca Serrano Chica, Nicolás Gutiérrez Palma. |
| 250 | _a[Primera edición] | ||
| 264 | 1 |
_aMadrid : _bEditorial Síntesis, _c2015 |
|
| 300 |
_a249 páginas : _bdiagramas, tablas ; _c23 cm. |
||
| 336 |
_atexto _2rdacontent _btxt |
||
| 337 |
_asin medio _2rdamedia _bn |
||
| 338 |
_avolumen _2rdacarrier _bnc |
||
| 650 | 4 | _aEducación especial | |
| 650 | 4 | _aPsicología del aprendizaje | |
| 650 | 4 | _aNiños con transtornos de aprendizaje | |
| 700 | 1 |
_aSerrano Chica, Francisca, _eAutora _94018 |
|
| 700 | 1 |
_aGutiérrez Palma, Nicolás, _eAutor _94020 |
|
| 999 |
_c67066 _d67066 |
||
| 942 |
_h371.904 _iDEF _cLI |
||